| 000 | 00537cam a22002054a 4500 | ||
|---|---|---|---|
| 005 | 20250605164259.0 | ||
| 008 | 250528s ||||||||||||||||||||||||d | ||
| 035 | _a21989 | ||
| 020 | _a9780805855951 | ||
| 040 |
_aGR-AtMCL _bgre _dGR-AtMCL _eAACR2 |
||
| 245 | 1 | _aTHE FUTURE OF EXCELLENCE IN PUBLIC RELATIONS AND COMMUNICATION MANAGEMENT | |
| 250 | _a1 | ||
| 260 | _c2007 | ||
| 300 | _a629 | ||
| 700 | 1 |
_aLawrence Erlbaum Associates _97862 |
|
| 700 | 1 |
_aToth Elizabeth L _97863 |
|
| 942 | _cBK | ||
| 999 |
_c7045 _d7045 |
||